| 000 | 00649nam a22002297a 4500 | ||
|---|---|---|---|
| 005 | 20260515114911.0 | ||
| 008 | 211117b ||||| |||| 00| 0 eng d | ||
| 020 | _a9789391060947 | ||
| 040 |
_aIN-DiNC _cIN-DiNC |
||
| 041 | _deng | ||
| 082 |
_a370.54 _bEDU |
||
| 245 |
_aEducation in post independent India/ _cby Nabanita Deka and others |
||
| 250 | _a1st ed. | ||
| 260 |
_aDibrugarh: _bBanalata, _c2021 |
||
| 300 | _a552p. | ||
| 650 | _aIndian education after independence | ||
| 700 |
_aDeka, Nabanita _eauthor |
||
| 700 |
_aAli, Lokman _eauthor |
||
| 700 |
_aSaikia, Dipti _eauthor |
||
| 700 |
_aLahkar, Barnali _eauthor |
||
| 942 |
_2ddc _cBK |
||
| 999 |
_c11222 _d11222 |
||